[Event "X Open Vallee d'Aoste A"]
[Site "Saint Vincent - Chatillon ITA"]
[Date "2002.02.10"]
[Round "2"]
[White "Skripchenko Lautier, Almira"]
[Black "Aleksieva, Silvia"]
[Result "1-0"]
[WhiteElo "2498"]
[BlackElo "2347"]
[PlyCount "47"]
[EventDate "2002.02.09"]

1. e4 b6 2. d4 Bb7 3. Bd3 e6 4. Qe2 g6 5. f4 d5 6. e5 c5 7. c3 Nc6 8. Nf3 Nge7
9. Be3 c4 10. Bc2 b5 11. O-O Qd7 12. Nbd2 Nc8 13. g4 h5 14. f5 N8e7 15. fxe6
fxe6 16. Ng5 hxg4 17. Nf7 Rg8 18. Nd6+ Kd8 19. Rf7 Kc7 20. Raf1 Kb6 21. Bg5 Bg7
22. b3 Raf8 23. bxc4 dxc4 24. N2xc4+ 1-0

[Event "X Open Vallee d'Aoste A"]
[Site "Saint Vincent - Chatillon ITA"]
[Date "2002.02.10"]
[Round "2"]
[White "Tatai, Stefano"]
[Black "Roiz, Michael"]
[Result "1/2-1/2"]
[WhiteElo "2345"]
[BlackElo "2507"]
[PlyCount "107"]
[EventDate "2002.02.09"]

1. e4 e6 2. d4 d5 3. Nc3 Nf6 4. Bg5 dxe4 5. Nxe4 Be7 6. Bxf6 gxf6 7. Nf3 Nd7 8.
Bd3 c5 9. c3 O-O 10. Qe2 cxd4 11. Nxd4 Ne5 12. Bc2 f5 13. Ng3 Qc7 14. O-O a6
15. Rfe1 Ng6 16. Qh5 Bf6 17. Rad1 b5 18. Nge2 Kh8 19. Rd3 Rg8 20. Rg3 Bb7 21.
Nf3 Rg7 22. Qh6 Rag8 23. Ned4 Qd8 24. Rd1 Qe7 25. Re1 Qd8 26. Rd1 Qc8 27. h4 f4
28. Rg4 e5 29. Nf5 e4 30. Nxg7 Qxg4 31. Nh5 exf3 32. Qxh7+ Kxh7 33. Nxf6+ Kh8
34. Nxg4 Nxh4 35. Ne5 fxg2 36. Rd7 Nf3+ 37. Nxf3 Bxf3 38. Rd6 Bg4 39. f3 Bh3
40. Rd5 Re8 41. Rh5+ Kg7 42. Be4 f5 43. Rxh3 fxe4 44. fxe4 Rxe4 45. Kxg2 Re2+
46. Kf3 Rxb2 47. Kxf4 Rxa2 48. Rd3 Kf6 49. Ke4 Ke6 50. Kd4 Kd6 51. Rh3 Ra4+ 52.
Kd3 Ra1 53. Kc2 Kc5 54. Rh6 1/2-1/2

[Event "X Open Vallee d'Aoste A"]
[Site "Saint Vincent - Chatillon ITA"]
[Date "2002.02.10"]
[Round "2"]
[White "Vera Gonzalez-Quevedo, Reynaldo"]
[Black "Bukal, Vladimir jr"]
[Result "1-0"]
[WhiteElo "2534"]
[BlackElo "2404"]
[PlyCount "135"]
[EventDate "2002.02.09"]

1. d4 d5 2. c4 dxc4 3. e3 e5 4. Bxc4 exd4 5. exd4 Nf6 6. Qb3 Qe7+ 7. Ne2 Qb4+
8. Nbc3 Qxb3 9. Bxb3 Bb4 10. O-O O-O 11. Bg5 Nbd7 12. Rac1 h6 13. Bh4 a6 14. d5
Bd6 15. Nd4 Nc5 16. Bxf6 gxf6 17. Bc2 a5 18. Bf5 Ra6 19. Rc2 Rb6 20. Rd1 Rb4
21. Bxc8 Rxc8 22. Nf5 Kh7 23. a3 Rb6 24. Nxd6 cxd6 25. Ne4 Rd8 26. Nxc5 dxc5
27. Rxc5 Rxb2 28. Kf1 Rd6 29. Rxa5 b6 30. Ra4 Kg6 31. Rg4+ Kf5 32. Rh4 Kg5 33.
g3 b5 34. Rd3 Rc2 35. Rb4 Rc5 36. Rbd4 Kf5 37. Ke2 Ke5 38. f4+ Kf5 39. Kf3 h5
40. h3 Rc8 41. g4+ hxg4+ 42. hxg4+ Kg6 43. Rb4 Rc5 44. Ke4 Kg7 45. Rb2 Kg6 46.
Rb4 Kg7 47. Rb1 Kg6 48. Rh1 Rc4+ 49. Kf3 Rc5 50. Rh5 Rc4 51. Rh8 Rc5 52. Ke4
Rc4+ 53. Rd4 Rc5 54. Rg8+ Kh7 55. Ra8 Kg6 56. Rg8+ Kh7 57. Ra8 Kg6 58. Ra5 Rc3
59. Rb4 Rd8 60. Raxb5 Rxa3 61. Rb8 Rxb8 62. Rxb8 Ra4+ 63. Ke3 Ra3+ 64. Kd4 Ra4+
65. Kc5 Rxf4 66. d6 Rf1 67. d7 Rc1+ 68. Kd6 1-0

[Event "X Open Vallee d'Aoste A"]
[Site "Saint Vincent - Chatillon ITA"]
[Date "2002.02.10"]
[Round "2"]
[White "Volzhin, Alexander"]
[Black "Mantovani, Renzo"]
[Result "1-0"]
[WhiteElo "2521"]
[BlackElo "2375"]
[PlyCount "49"]
[EventDate "2002.02.09"]

1. d4 c5 2. d5 e5 3. e4 d6 4. Nc3 a6 5. a4 Be7 6. Be2 Bg5 7. Nf3 Bxc1 8. Qxc1
Bg4 9. Nd2 Bxe2 10. Nxe2 Nf6 11. Nc3 Nbd7 12. a5 b5 13. axb6 Nxb6 14. Qd1 O-O
15. Qe2 Qc8 16. O-O Qb7 17. Ra2 Ne8 18. Nb3 Nc7 19. Na5 Qc8 20. Nc6 Qd7 21. Ra3
Nc8 22. Qd2 Na7 23. Na4 Ncb5 24. Rg3 Qc7 25. Rxg7+ 1-0

[Event "X Open Vallee d'Aoste A"]
[Site "Saint Vincent - Chatillon ITA"]
[Date "2002.02.11"]
[Round "3"]
[White "Babula, Vlastimil"]
[Black "Likavsky, Tomas"]
[Result "1-0"]
[WhiteElo "2551"]
[BlackElo "2415"]
[PlyCount "89"]
[EventDate "2002.02.09"]

1. d4 e6 2. c4 b6 3. a3 g6 4. Nc3 Bg7 5. Nf3 Ne7 6. Bf4 d6 7. e3 Nd7 8. Be2 e5
9. dxe5 dxe5 10. Bg3 Nf5 11. Qa4 O-O 12. Qc6 Rb8 13. Rd1 Rb7 14. Bd3 Nxg3 15.
hxg3 Nb8 16. Qa4 Qe8 17. Qc2 a5 18. c5 bxc5 19. Na4 Nd7 20. Ng5 h6 21. Ne4 Rb8
22. O-O Qe7 23. b3 c4 24. Bxc4 Qxa3 25. Nec5 Nxc5 26. Nxc5 Bf5 27. e4 Bc8 28.
Nd7 Bxd7 29. Rxd7 Qb4 30. Rxc7 Bf6 31. Rd1 Bd8 32. Rcd7 Be7 33. Qe2 Rb6 34. Qe3
Bg5 35. f4 Bf6 36. R1d5 Rbb8 37. R5d6 Kg7 38. Qf2 Be7 39. fxe5 Bxd6 40. Qf6+
Kh7 41. Bxf7 Qb6+ 42. Kh2 Be7 43. Bxg6+ Kg8 44. Bh7+ Kxh7 45. Rxe7+ 1-0

[Event "X Open Vallee d'Aoste A"]
[Site "Saint Vincent - Chatillon ITA"]
[Date "2002.02.11"]
[Round "3"]
[White "Cvitan, Ognjen"]
[Black "Estrada Nieto, Julian"]
[Result "1-0"]
[WhiteElo "2550"]
[BlackElo "2373"]
[PlyCount "69"]
[EventDate "2002.02.09"]

1. c4 e5 2. g3 c6 3. d4 Bb4+ 4. Bd2 Bxd2+ 5. Qxd2 d6 6. Nc3 Nf6 7. Bg2 O-O 8.
e3 Qe7 9. Nge2 e4 10. h3 h5 11. g4 hxg4 12. O-O-O Na6 13. Ng3 d5 14. cxd5 cxd5
15. Kb1 g6 16. hxg4 Bxg4 17. f3 exf3 18. Bxf3 Bxf3 19. Qh2 Nh5 20. Nxh5 Rfd8
21. Nf4 Bxh1 22. Rxh1 Qf6 23. Ncxd5 Qg7 24. Ne7+ Kf8 25. Nexg6+ Ke8 26. Ne5 Qf6
27. a3 Ke7 28. Qg2 Rab8 29. Rf1 Qf5+ 30. Ka1 Rg8 31. Nd5+ Ke6 32. Rxf5 Rxg2 33.
e4 Rg1+ 34. Ka2 Rg6 35. Nf4+ 1-0

[Event "X Open Vallee d'Aoste A"]
[Site "Saint Vincent - Chatillon ITA"]
[Date "2002.02.11"]
[Round "3"]
[White "Dervishi, Erald"]
[Black "Tatai, Stefano"]
[Result "1/2-1/2"]
[WhiteElo "2525"]
[BlackElo "2345"]
[PlyCount "92"]
[EventDate "2002.02.09"]

1. e4 c5 2. Nf3 d6 3. d4 Nf6 4. Nc3 cxd4 5. Nxd4 a6 6. Be2 e5 7. Nb3 Be7 8. O-O
Qc7 9. Kh1 b5 10. Bg5 Nbd7 11. f4 Bb7 12. Bg4 Rd8 13. Bxd7+ Rxd7 14. Qe2 h6 15.
Bxf6 Bxf6 16. f5 O-O 17. Rad1 Rc8 18. a3 Qb6 19. Nd5 Bxd5 20. Rxd5 b4 21. Ra5
bxa3 22. Rxa3 Qb5 23. Re1 Rb7 24. g3 Rb6 25. Qxb5 axb5 26. Na1 b4 27. Rd3 Ra8
28. Kg2 Bd8 29. Kf3 Rc6 30. Red1 Bc7 31. R3d2 Ra2 32. Rb1 Bb6 33. Nb3 Ra8 34.
Rbd1 Bc5 35. Rd5 Ra2 36. Nxc5 Rxc5 37. Rxd6 Rxb2 38. Rd8+ Kh7 39. Rf8 h5 40.
Rdd8 Rc3+ 41. Ke2 Rbxc2+ 42. Kf1 Kh6 43. Rxf7 Rxh2 44. Rh8+ Kg5 45. Rxg7+ Kf6
46. Rg6+ Kf7 1/2-1/2

[Event "X Open Vallee d'Aoste A"]
[Site "Saint Vincent - Chatillon ITA"]
[Date "2002.02.11"]
[Round "3"]
[White "Friedrich, Norbert"]
[Black "Delchev, Aleksander"]
[Result "1-0"]
[WhiteElo "2282"]
[BlackElo "2591"]
[PlyCount "105"]
[EventDate "2002.02.09"]

1. e4 c5 2. Nf3 e6 3. c3 Nf6 4. e5 Nd5 5. g3 Nc6 6. Bg2 Qc7 7. Qe2 d6 8. exd6
Bxd6 9. O-O O-O 10. Na3 a6 11. Nc4 Rd8 12. Nxd6 Qxd6 13. Rd1 e5 14. d4 cxd4 15.
cxd4 Nf6 16. Be3 e4 17. Ne5 Be6 18. Nxc6 Qxc6 19. Rdc1 Qd6 20. Bg5 Bf5 21. Bxf6
Qxf6 22. Rc7 Rxd4 23. Rxb7 Rad8 24. Rf1 h6 25. Qe3 a5 26. h4 Qe6 27. a3 Rd3 28.
Qf4 Bg6 29. Re1 R3d4 30. Rb8 Rxb8 31. Qxb8+ Kh7 32. Qb5 Rd5 33. Qb7 f5 34. b4
a4 35. Qa7 Qc6 36. Bf1 Rd2 37. b5 Qc2 38. Qe3 Bh5 39. Qf4 Bg4 40. b6 Rd7 41.
Be2 e3 42. Bxg4 fxg4 43. Qxe3 h5 44. Qe4+ Qxe4 45. Rxe4 Rd1+ 46. Kg2 Rb1 47.
Rb4 Rxb4 48. axb4 a3 49. b7 a2 50. b8=Q a1=Q 51. Qb7 Qd4 52. b5 Qe5 53. Qc6 1-0

[Event "X Open Vallee d'Aoste A"]
[Site "Saint Vincent - Chatillon ITA"]
[Date "2002.02.11"]
[Round "3"]
[White "Glek, Igor V."]
[Black "Drasko, Milan"]
[Result "0-1"]
[WhiteElo "2601"]
[BlackElo "2504"]
[PlyCount "166"]
[EventDate "2002.02.09"]

1. e4 e6 2. d4 d5 3. Nc3 Bb4 4. exd5 exd5 5. Bd3 c6 6. Nge2 Nf6 7. O-O O-O 8.
Bg5 Re8 9. Ng3 Nbd7 10. a3 Bf8 11. Qd2 h6 12. Bf4 Nb6 13. Rae1 Rxe1 14. Rxe1
Nc4 15. Qc1 Be6 16. Nd1 Qb6 17. c3 Re8 18. h3 Bd7 19. Rxe8 Nxe8 20. Nf1 Ned6
21. Nfe3 Qd8 22. b3 Nxe3 23. Nxe3 b5 24. Bb1 Ne4 25. Bxe4 dxe4 26. c4 bxc4 27.
bxc4 Qb6 28. c5 Qb3 29. Bd6 Be6 30. Kh2 f5 31. Be5 Be7 32. d5 cxd5 33. c6 Qxa3
34. Qxa3 Bxa3 35. c7 d4 36. Bxd4 Bd6+ 37. g3 Bxc7 38. Bxa7 g5 39. Kg2 f4 40.
gxf4 gxf4 41. Nf1 Bd5 42. Kg1 Be5 43. Nh2 h5 44. Nf1 Kf7 45. Bb6 Ke6 46. Nd2
Kd6 47. Kf1 Bc3 48. Ke2 Ke5 49. Bc7+ Kf5 50. Bb6 Bc6 51. Kd1 Bb5 52. Kc1 Bd3
53. Kd1 Bb5 54. Kc1 Be2 55. Kc2 Bf6 56. Kc1 Bd3 57. Kd1 Kg5 58. Bc7 Bd4 59. Ke1
Bc3 60. Bd8+ Kf5 61. Bb6 Ke6 62. Kd1 Kd5 63. Ke1 Bb5 64. Kd1 Bb4 65. Ba7 Bd7
66. Ke2 Bxh3 67. f3 e3 68. Ne4 Bc8 69. Bxe3 Ba6+ 70. Kf2 fxe3+ 71. Kxe3 Ke5 72.
Kf2 Be7 73. Kg2 Kf4 74. Nf2 Be2 75. Nh3+ Ke3 76. Ng1 Bb5 77. Kg3 Bd7 78. Nh3
h4+ 79. Kg2 Bc6 80. Ng1 Bd6 81. Kf1 Bh2 82. Nh3 Kxf3 83. Ng5+ Kg4 0-1

[Event "X Open Vallee d'Aoste A"]
[Site "Saint Vincent - Chatillon ITA"]
[Date "2002.02.11"]
[Round "3"]
[White "Godena, Michele"]
[Black "Khenkin, Igor"]
[Result "1/2-1/2"]
[WhiteElo "2487"]
[BlackElo "2584"]
[PlyCount "22"]
[EventDate "2002.02.09"]

1. e4 c6 2. d4 d5 3. Nd2 dxe4 4. Nxe4 Bf5 5. Ng3 Bg6 6. Nh3 e6 7. Nf4 Qc7 8. h4
Bd6 9. Nxg6 hxg6 10. Ne4 Bf4 11. g3 Bxc1 1/2-1/2

[Event "X Open Vallee d'Aoste A"]
[Site "Saint Vincent - Chatillon ITA"]
[Date "2002.02.11"]
[Round "3"]
[White "Komarov, Dimitri"]
[Black "Skembris, Spyridon"]
[Result "1-0"]
[WhiteElo "2537"]
[BlackElo "2464"]
[PlyCount "73"]
[EventDate "2002.02.09"]

1. d4 Nf6 2. Nf3 e6 3. c4 Bb4+ 4. Bd2 Qe7 5. g3 b6 6. Bg2 Bb7 7. O-O Bxd2 8.
Qxd2 d6 9. Nc3 O-O 10. d5 e5 11. e4 c6 12. Nh4 g6 13. f4 cxd5 14. fxe5 dxe5 15.
exd5 Ne8 16. Ne4 Nd7 17. d6 Qd8 18. Qh6 Bxe4 19. Bxe4 Rc8 20. Bd5 Nef6 21. Nxg6
hxg6 22. Qxg6+ Kh8 23. Qh6+ Nh7 24. Rf5 Ndf6 25. Raf1 Ng8 26. Qh5 f6 27. Be4
Qd7 28. b3 Qg7 29. Qh4 Rcd8 30. Rh5 f5 31. Rfxf5 Rxf5 32. Bxf5 Ngf6 33. Rxh7+
Nxh7 34. Qxd8+ Nf8 35. d7 e4 36. Qh4+ Kg8 37. d8=Q 1-0

[Event "X Open Vallee d'Aoste A"]
[Site "Saint Vincent - Chatillon ITA"]
[Date "2002.02.11"]
[Round "3"]
[White "Nevednichy, Vladislav"]
[Black "De Vreugt, Dennis"]
[Result "1/2-1/2"]
[WhiteElo "2569"]
[BlackElo "2446"]
[PlyCount "126"]
[EventDate "2002.02.09"]

1. e4 e5 2. Nf3 Nc6 3. Bc4 Nf6 4. d3 Bc5 5. c3 a6 6. Bb3 Ba7 7. Nbd2 O-O 8. h3
d6 9. O-O h6 10. Re1 Nh5 11. Nf1 Qf6 12. Be3 Nf4 13. Kh2 Be6 14. d4 Bxb3 15.
axb3 Ne7 16. g3 Ne6 17. dxe5 dxe5 18. Bxa7 Rxa7 19. Qe2 Rd8 20. Ne3 Ng5 21.
Nxg5 hxg5 22. Kg2 Raa8 23. Red1 Qc6 24. Qc4 Qxc4 25. Nxc4 f6 26. b4 Kf7 27. Na5
Rxd1 28. Rxd1 b6 29. Nc4 Ke6 30. Ra1 Nc8 31. Kf3 Nd6 32. Ne3 c6 33. c4 g6 34.
c5 bxc5 35. bxc5 Nb5 36. Nc4 Nd4+ 37. Kg4 Nb3 38. Rd1 Rc8 39. f4 gxf4 40. gxf4
exf4 41. e5 fxe5 42. Rd6+ Ke7 43. Nxe5 Nxc5 44. Rxg6 Ne6 45. h4 c5 46. h5 Rf8
47. h6 f3 48. Nxf3 Rf4+ 49. Kg3 Rf5 50. Nh4 Rg5+ 51. Kf3 Kf7 52. Rxg5 Nxg5+ 53.
Ke3 Kf6 54. Kd3 Nf7 55. h7 Kg7 56. Nf3 Kxh7 57. Kc4 Kg6 58. Kxc5 Kf5 59. Nd4+
Ke4 60. Nc6 Kd3 61. Nb4+ Kd2 62. Nxa6 Ne5 63. Nb4 Kc1 1/2-1/2

[Event "X Open Vallee d'Aoste A"]
[Site "Saint Vincent - Chatillon ITA"]
[Date "2002.02.11"]
[Round "3"]
[White "Polak, Tomas"]
[Black "Palac, Mladen"]
[Result "1/2-1/2"]
[WhiteElo "2482"]
[BlackElo "2580"]
[PlyCount "26"]
[EventDate "2002.02.09"]

1. d4 Nf6 2. c4 e6 3. Nf3 b6 4. g3 Ba6 5. b3 d5 6. cxd5 exd5 7. Bg2 Bb4+ 8. Bd2
Bd6 9. Nc3 O-O 10. O-O Re8 11. Re1 Nbd7 12. Rc1 Rc8 13. Nh4 c6 1/2-1/2

[Event "X Open Vallee d'Aoste A"]
[Site "Saint Vincent - Chatillon ITA"]
[Date "2002.02.11"]
[Round "3"]
[White "Rogers, Ian"]
[Black "Borgo, Giulio"]
[Result "1-0"]
[WhiteElo "2555"]
[BlackElo "2417"]
[PlyCount "109"]
[EventDate "2002.02.09"]

1. e4 e6 2. d4 d5 3. Nc3 dxe4 4. Nxe4 Nd7 5. Bd3 Ngf6 6. Qe2 c5 7. Nxf6+ Nxf6
8. dxc5 Bxc5 9. Bd2 O-O 10. O-O-O e5 11. Qxe5 Qb6 12. Nf3 Be6 13. Bc3 Bxf2 14.
Nd4 Rfe8 15. Qf4 Ng4 16. Kb1 Be3 17. Qg3 Bf2 18. Qf3 Bxd4 19. Bxd4 Qa5 20. b3
Qg5 21. Qg3 h6 22. Rhe1 Nf6 23. Qxg5 hxg5 24. Re5 Nh7 25. Rde1 Red8 26. Bb2
Rac8 27. R1e3 Rd5 28. g3 Nf6 29. Rxd5 Nxd5 30. Re5 g4 31. Be4 Rd8 32. a3 b6 33.
Bd3 Kf8 34. Be2 Nf6 35. Bc3 Rd5 36. Kb2 Rxe5 37. Bxe5 Ke7 38. a4 Kd7 39. Bb5+
Kd8 40. Bxf6+ gxf6 41. Kc3 a5 42. Kd4 Ke7 43. Ke4 Kf8 44. Kf4 Kg7 45. Bd3 Bd7
46. Bf5 Bc6 47. Bxg4 Kg6 48. Bf3 Bd7 49. Bd5 Be8 50. h4 Bd7 51. c3 Be8 52. Bc4
Bd7 53. Bb5 Be6 54. b4 axb4 55. cxb4 1-0

[Event "X Open Vallee d'Aoste A"]
[Site "Saint Vincent - Chatillon ITA"]
[Date "2002.02.11"]
[Round "3"]
[White "Sarno, Spartaco"]
[Black "Zelcic, Robert"]
[Result "1-0"]
[WhiteElo "2395"]
[BlackElo "2544"]
[PlyCount "81"]
[EventDate "2002.02.09"]

1. c4 e5 2. Nc3 Nf6 3. Nf3 Nc6 4. g3 d5 5. cxd5 Nxd5 6. Bg2 Nb6 7. O-O Be7 8.
d3 O-O 9. a3 Be6 10. b4 a5 11. b5 Nd4 12. Nd2 Qd7 13. Bxb7 Rab8 14. Bg2 Nxb5
15. Nxb5 Qxb5 16. Qc2 c5 17. Bb2 f6 18. Bc3 Qa4 19. Rfc1 Qxc2 20. Rxc2 a4 21.
Ba5 Rfc8 22. Rb1 Nd5 23. Rcb2 Rxb2 24. Rxb2 Nb4 25. Nc4 Bxc4 26. dxc4 Nc6 27.
Bc3 Nd4 28. e3 Nb3 29. Bd5+ Kf8 30. Kf1 Bd6 31. Ke2 Rc7 32. Rb1 Rc8 33. g4 Be7
34. Be4 g6 35. Rd1 Rb8 36. Bc6 Nd4+ 37. exd4 cxd4 38. Bd2 Rb3 39. Ra1 Rb2 40.
Kd1 Rb3 41. Bxa4 1-0

[Event "X Open Vallee d'Aoste A"]
[Site "Saint Vincent - Chatillon ITA"]
[Date "2002.02.11"]
[Round "3"]
[White "Scalcione, Michelangelo"]
[Black "Flear, Glenn Curtis"]
[Result "1/2-1/2"]
[WhiteElo "2329"]
[BlackElo "2511"]
[PlyCount "61"]
[EventDate "2002.02.09"]

1. Nf3 d5 2. d4 Nf6 3. c4 e6 4. Nc3 c6 5. Ne5 Be7 6. e3 O-O 7. Bd3 Nbd7 8. f4
dxc4 9. Bxc4 c5 10. O-O cxd4 11. exd4 Nb6 12. Bb3 Bd7 13. Qf3 Bc6 14. Nxc6 bxc6
15. Be3 Nbd7 16. Bf2 g6 17. Rac1 Rc8 18. Na4 Nh5 19. g3 Ng7 20. Nc5 Nf5 21.
Rfd1 Qc7 22. Nd3 Rfd8 23. Ne5 Qb7 24. Qe2 Rc7 25. Rc4 Qa6 26. Qf3 Bd6 27. Rdc1
Rdc8 28. Nd3 Rb8 29. Ne5 Rbc8 30. Nd3 Rb8 31. Ne5 1/2-1/2

[Event "X Open Vallee d'Aoste A"]
[Site "Saint Vincent - Chatillon ITA"]
[Date "2002.02.11"]
[Round "3"]
[White "Sulava, Nenad"]
[Black "Drazic, Sinisa"]
[Result "0-1"]
[WhiteElo "2552"]
[BlackElo "2471"]
[PlyCount "80"]
[EventDate "2002.02.09"]

1. Nf3 Nf6 2. c4 e6 3. g3 b6 4. Bg2 Bb7 5. O-O Be7 6. Nc3 O-O 7. Re1 Ne4 8. d4
Nxc3 9. bxc3 Be4 10. Bh3 Bxf3 11. exf3 Nc6 12. f4 Na5 13. Qa4 c5 14. Be3 Qc7
15. d5 Bf6 16. Rac1 Rfe8 17. Bg2 Rad8 18. Red1 Qc8 19. h4 Qa6 20. Bf1 h6 21.
Kh2 d6 22. dxe6 Rxe6 23. Rd5 Qb7 24. Qd1 Qe7 25. Bd3 Qe8 26. h5 Kf8 27. Qc2 Kg8
28. Rd1 Kh8 29. Qe2 Bxc3 30. Bb1 Bf6 31. Qc2 Kg8 32. Qh7+ Kf8 33. Bd3 Qa4 34.
Bf5 Nxc4 35. R1d3 Qxa2 36. Kh3 Qe2 37. Be4 a5 38. Rb3 Qa2 39. Bc2 a4 40. Rb5
Nxe3 0-1

[Event "X Open Vallee d'Aoste A"]
[Site "Saint Vincent - Chatillon ITA"]
[Date "2002.02.11"]
[Round "3"]
[White "Volokitin, Andrei"]
[Black "Pavlovic, Milos"]
[Result "1/2-1/2"]
[WhiteElo "2586"]
[BlackElo "2497"]
[PlyCount "75"]
[EventDate "2002.02.09"]

1. e4 c5 2. Nf3 Nc6 3. d4 cxd4 4. Nxd4 Nf6 5. Nc3 e5 6. Ndb5 d6 7. Bg5 a6 8.
Na3 b5 9. Nd5 Be7 10. Bxf6 Bxf6 11. c3 O-O 12. Nc2 Bg5 13. h4 Bh6 14. g4 Bf4
15. Qf3 Be6 16. Bd3 Rb8 17. g5 a5 18. a3 Bxd5 19. exd5 Ne7 20. Qe4 g6 21. Ne3
h5 22. Ng2 Qd7 23. Rd1 b4 24. axb4 axb4 25. c4 Rbe8 26. Kf1 Qa4 27. Rb1 b3 28.
Nxf4 exf4 29. Qd4 Nf5 30. Qxf4 Re5 31. Bxf5 Rxf5 32. Qd4 f6 33. Rg1 fxg5 34.
Rxg5 Rxf2+ 35. Kg1 Qe8 36. Qxf2 Rxf2 37. Kxf2 Qe4 38. Rxg6+ 1/2-1/2

[Event "X Open Vallee d'Aoste A"]
[Site "Saint Vincent - Chatillon ITA"]
[Date "2002.02.12"]
[Round "4"]
[White "Cebalo, Miso"]
[Black "Babula, Vlastimil"]
[Result "1/2-1/2"]
[WhiteElo "2492"]
[BlackElo "2551"]
[PlyCount "59"]
[EventDate "2002.02.09"]

1. d4 d5 2. c4 c6 3. Nf3 Nf6 4. Nc3 dxc4 5. a4 Bf5 6. e3 e6 7. Bxc4 Bb4 8. O-O
Nbd7 9. Nh4 Bg4 10. f3 Nd5 11. fxg4 Qxh4 12. Bd2 N5f6 13. h3 h5 14. gxh5 Qxh5
15. Qxh5 Rxh5 16. Rf3 Rf5 17. Rxf5 exf5 18. Rf1 g6 19. g4 fxg4 20. hxg4 Nb6 21.
Bb3 Bxc3 22. bxc3 Nbd5 23. Bxd5 Nxd5 24. a5 b5 25. e4 Nc7 26. Kg2 Ne6 27. Be3
a6 28. Kf3 Rd8 29. Rd1 Kd7 30. Kg3 1/2-1/2

[Event "X Open Vallee d'Aoste A"]
[Site "Saint Vincent - Chatillon ITA"]
[Date "2002.02.12"]
[Round "4"]
[White "Colovic, Aleksandar"]
[Black "Tyomkin, Dimitri"]
[Result "1/2-1/2"]
[WhiteElo "2364"]
[BlackElo "2501"]
[PlyCount "34"]
[EventDate "2002.02.09"]

1. e4 c5 2. Nf3 d6 3. d4 cxd4 4. Nxd4 Nf6 5. Nc3 Nc6 6. Bc4 Qb6 7. Nb3 e6 8.
Be3 Qc7 9. Bd3 a6 10. f4 b5 11. Qf3 Bb7 12. O-O Be7 13. a4 b4 14. Nb1 e5 15. f5
O-O 16. N1d2 d5 17. Qg3 Kh8 1/2-1/2

[Event "X Open Vallee d'Aoste A"]
[Site "Saint Vincent - Chatillon ITA"]
[Date "2002.02.12"]
[Round "4"]
[White "Dittmar, Peter"]
[Black "Lazarev, Vladimir"]
[Result "1/2-1/2"]
[WhiteElo "2330"]
[BlackElo "2461"]
[PlyCount "38"]
[EventDate "2002.02.09"]

1. c4 c5 2. Nf3 g6 3. e3 Bg7 4. d4 Nf6 5. Nc3 O-O 6. Be2 d5 7. O-O cxd4 8. exd4
Nc6 9. h3 Be6 10. c5 Ne4 11. Re1 Qa5 12. a3 h6 13. Bf1 Nxc3 14. bxc3 b6 15. Rb1
Bf5 16. Rb5 Qxc3 17. Bb2 Qc2 18. Qa1 Rfc8 19. a4 Be6 1/2-1/2

[Event "X Open Vallee d'Aoste A"]
[Site "Saint Vincent - Chatillon ITA"]
[Date "2002.02.12"]
[Round "4"]
[White "Drazic, Sinisa"]
[Black "Sutovsky, Emil"]
[Result "0-1"]
[WhiteElo "2471"]
[BlackElo "2656"]
[PlyCount "68"]
[EventDate "2002.02.09"]

1. Nf3 Nf6 2. c4 g6 3. Nc3 Bg7 4. e4 d6 5. d4 O-O 6. h3 Na6 7. Bg5 Qe8 8. Bd3
e5 9. O-O exd4 10. Nxd4 Nc5 11. Bc2 Ncxe4 12. Nxe4 Nxe4 13. Re1 f5 14. Nb5 Qf7
15. Bxe4 fxe4 16. Qd2 Qxc4 17. a4 Bf5 18. Ra3 Qf7 19. g4 Bd7 20. Nxc7 Rac8 21.
Nd5 Rc5 22. Rd1 Be6 23. Ne7+ Kh8 24. Bh4 Bf6 25. Bxf6+ Qxf6 26. b4 Rc7 27. Nd5
Bxd5 28. g5 Rg7 29. Qxd5 Qxf2+ 30. Kh1 e3 31. Rg1 e2 32. Raa1 Re7 33. Qg2 Re3
34. Rae1 Qh4 0-1

[Event "X Open Vallee d'Aoste A"]
[Site "Saint Vincent - Chatillon ITA"]
[Date "2002.02.12"]
[Round "4"]
[White "Flear, Glenn Curtis"]
[Black "Isonzo, David"]
[Result "1-0"]
[WhiteElo "2511"]
[BlackElo "2364"]
[PlyCount "71"]
[EventDate "2002.02.09"]

1. d4 Nf6 2. c4 g6 3. Nc3 Bg7 4. e4 d6 5. f4 O-O 6. Nf3 Na6 7. Bd3 Bg4 8. Be3
c5 9. d5 e6 10. dxe6 fxe6 11. O-O Nb4 12. Be2 Nh5 13. Qd2 Bh6 14. g3 e5 15. a3
Nc6 16. Nxe5 dxe5 17. Bxg4 exf4 18. Qxd8 Rfxd8 19. gxf4 Rd3 20. Nd5 Rxe3 21.
Nxe3 Nxf4 22. Nd5 Nd3 23. Be6+ Kh8 24. Nc7 Rd8 25. Bd5 Nce5 26. Ne6 Re8 27. b4
cxb4 28. axb4 Nxb4 29. Kg2 Nc2 30. Rxa7 Ne3+ 31. Kf2 Nxf1 32. Kxf1 Rb8 33. c5
Ng4 34. Rxb7 Rc8 35. c6 Nxh2+ 36. Kg2 1-0

[Event "X Open Vallee d'Aoste A"]
[Site "Saint Vincent - Chatillon ITA"]
[Date "2002.02.12"]
[Round "4"]
[White "Glek, Igor V."]
[Black "Sarno, Spartaco"]
[Result "1-0"]
[WhiteElo "2601"]
[BlackElo "2395"]
[PlyCount "61"]
[EventDate "2002.02.09"]

1. e4 d6 2. d4 Nf6 3. Nc3 g6 4. f4 Bg7 5. Nf3 O-O 6. a3 Na6 7. e5 Nd7 8. Be3 c5
9. Bxa6 cxd4 10. Bxd4 dxe5 11. fxe5 bxa6 12. Qe2 Bb7 13. O-O-O Nb6 14. h4 Qc8
15. h5 Qg4 16. h6 Bh8 17. Bxb6 axb6 18. Nd5 Rfd8 19. Nxb6 Rab8 20. Rxd8+ Rxd8
21. Kb1 Qe6 22. Nc4 f6 23. Rd1 Rc8 24. Qd3 Bxf3 25. gxf3 fxe5 26. Nd2 Bf6 27.
Ne4 Qc6 28. Qb3+ Kf8 29. Rd5 Qe8 30. Nxf6 exf6 31. Qb7 1-0

[Event "X Open Vallee d'Aoste A"]
[Site "Saint Vincent - Chatillon ITA"]
[Date "2002.02.12"]
[Round "4"]
[White "Khenkin, Igor"]
[Black "Mirzoev, Azer"]
[Result "0-1"]
[WhiteElo "2584"]
[BlackElo "2494"]
[PlyCount "96"]
[EventDate "2002.02.09"]

1. d4 Nf6 2. c4 e6 3. Nf3 d5 4. Nc3 Be7 5. Qc2 O-O 6. cxd5 exd5 7. Bg5 c6 8. e3
Nbd7 9. Bd3 Re8 10. h3 Nf8 11. O-O Be6 12. Rab1 Rc8 13. Rfc1 N6d7 14. Bf4 f6
15. Na4 Bf7 16. Bg3 Bg6 17. Bxg6 hxg6 18. Qb3 Qa5 19. Ne1 Qa6 20. Nd3 Ne6 21.
Qc2 g5 22. b4 b5 23. Nac5 Ndxc5 24. bxc5 Qb7 25. a4 a6 26. Rb2 f5 27. Be5 Bf6
28. Bxf6 gxf6 29. Nb4 f4 30. Qf5 Qf7 31. Nxa6 bxa4 32. Ra1 Ng7 33. Qg4 fxe3 34.
fxe3 Ra8 35. Rb6 Rxe3 36. Rxc6 Ne6 37. Rxa4 Re4 38. Qd1 Re8 39. Kh2 g4 40. Rb6
gxh3 41. gxh3 Ng5 42. Ra2 Qh7 43. Qb3 Re3 44. Qxd5+ Kh8 45. Qg2 Rxh3+ 46. Kg1
Nf3+ 47. Kf1 Re1+ 48. Kf2 Qh4+ 0-1

[Event "X Open Vallee d'Aoste A"]
[Site "Saint Vincent - Chatillon ITA"]
[Date "2002.02.12"]
[Round "4"]
[White "Landenbergue, Claude"]
[Black "Nevednichy, Vladislav"]
[Result "0-1"]
[WhiteElo "2405"]
[BlackElo "2569"]
[PlyCount "74"]
[EventDate "2002.02.09"]

1. e4 c5 2. Nf3 d6 3. d4 cxd4 4. Nxd4 Nf6 5. Nc3 Nc6 6. Bg5 e6 7. Qd2 a6 8.
O-O-O Bd7 9. f3 Be7 10. h4 h6 11. Be3 h5 12. Kb1 Ne5 13. Bd3 b5 14. Bg5 Qb6 15.
Nce2 b4 16. Rhe1 a5 17. Be3 Qb7 18. Ng3 a4 19. Bg5 Ra5 20. f4 Neg4 21. Nf3 Bc6
22. Nd4 Bd7 23. Nf3 e5 24. fxe5 dxe5 25. Bc4 Rc5 26. Bxf6 Nxf6 27. Qe2 Bg4 28.
Nf5 O-O 29. Nxe7+ Qxe7 30. Qd3 Nd7 31. a3 Rb8 32. Ba2 b3 33. cxb3 axb3 34. Bxb3
Rcb5 35. Bxf7+ Qxf7 36. Rd2 Nc5 37. Qd6 Bxf3 0-1

[Event "X Open Vallee d'Aoste A"]
[Site "Saint Vincent - Chatillon ITA"]
[Date "2002.02.12"]
[Round "4"]
[White "Mantovani, Renzo"]
[Black "Dervishi, Erald"]
[Result "1/2-1/2"]
[WhiteElo "2375"]
[BlackElo "2525"]
[PlyCount "77"]
[EventDate "2002.02.09"]

1. d4 Nf6 2. Nf3 e6 3. Bf4 b6 4. e3 Bb7 5. Nbd2 Be7 6. h3 O-O 7. c3 c5 8. Bd3
cxd4 9. cxd4 d5 10. Qb1 Nc6 11. a3 Rc8 12. O-O h6 13. Rc1 Bd6 14. Bxd6 Qxd6 15.
b4 Rfd8 16. Ra2 Nd7 17. Rac2 Ne7 18. Qb3 Rxc2 19. Rxc2 Rc8 20. Bb5 Rxc2 21.
Qxc2 Bc6 22. Bd3 Qb8 23. Qc3 Bb7 24. Ne5 Nxe5 25. dxe5 Qc8 26. Qxc8+ Bxc8 27.
f4 f6 28. Nf3 Bd7 29. Kf2 Kf7 30. h4 Ba4 31. Ke2 Nc6 32. Kd2 fxe5 33. Nxe5+
Nxe5 34. fxe5 Bb3 35. Kc3 Bd1 36. Kd4 Bh5 37. e4 dxe4 38. Bxe4 Ke7 39. a4
1/2-1/2